Представление документа в формате RUSMARC

ПолеНазваниеЗначение
  Тип записи a
  Библиографический уровень m
001 Контрольный номер RU/REG73/CBS_GRAD/654538876
005 Дата корректировки 20221122154914.7
101 Язык документа __
a Язык текста rus
200 Заглавие и сведения об ответственности __
a Заглавие Во льдах и снегах Таймыра
f Первые сведения об ответственности Анатолий Леонидович Лейкин ; рисунки В. Маркина
b Общее обозначение материала Текст
203 Вид содержания и тип средства __
a Вид содержания Текст (визуальный) : непосредственный
210 Выходные данные __
a Место издания Москва
c Издательство "Малыш"
d Дата издания 1989
215 Физическое описание __
a Объем 32 с.
225 Серия __
a Серия Страницы истории нашей Родины
610 Ключевые слова __
a Ключевые слова для младшего школьного возраста
686 Индексы других классификаций __
a Классификационный индекс 63.3(2)47
700 Автор __
a Фамилия Лейкин
g Полное личное имя Анатолий Леонидович
801 Источник записи _0
a Страна RU
b Организация RuCBSGrad
g Правила каталогизации PSBO
801 Источник записи _1
a Страна RU
b Организация RuCBSGrad
g Правила каталогизации PSBO
901 Тип документа __
t Тип документа m
981 __
b i
g e
2 isbdcontent
982 __
b n
2 isbdmedia
993 __
a 14490
b 5910
c Ретро
e 118875
f ЦГДБ
h 0.55
i 118875
m 1
n 44101.578507
o I
x 1
y 1
z 63
993 __
a 14491
b 5910
c Ретро
e 118874
f ЦГДБ
h 0.55
i 118874
m 1
n 44101.578507
o I
x 1
y 1
z 63